[Event "Gornozavodsk op"]
[Site "Gornozavodsk"]
[Date "2010.11.02"]
[Round "3"]
[White "Kostarev, Ivan"]
[Black "Abashev, Alex"]
[Result "1/2-1/2"]
[WhiteElo "2177"]
[BlackElo "2265"]
[PlyCount "40"]
[EventDate "2010.11.01"]
[EventType "swiss"]
[EventRounds "10"]
[EventCountry "RUS"]
[SourceTitle "EXT 2012"]
[Source "ChessBase"]
[SourceDate "2011.11.24"]
[SourceVersion "1"]
[SourceVersionDate "2011.11.24"]
[SourceQuality "1"]

1. c4 b6 2. Nc3 Bb7 3. d4 e6 4. e4 Bb4 5. f3 f5 6. e5 Qh4+ 7. g3 Qe7 8. Qd3 c5 9. Be3 Nc6 10. 0-0-0 Nxd4 11. Bxd4 cxd4 12. Qxd4 Rb8 13. Nb5 Bc5 14. Qc3 a6 15. Nd6+ Bxd6 16. Rxd6 b5 17. c5 Nh6 18. b4 Nf7 19. Rd2 0-0 20. Nh3 Rfd8 1/2-1/2